|
|
|
|
| LEADER |
00000cam a2200000 7i4500 |
| 001 |
0000000827 |
| 005 |
20001012.0 |
| 020 |
0 |
0 |
|a 9679785513
|
| 090 |
0 |
0 |
|a 658.4012
|b YEO 1995
|
| 100 |
1 |
0 |
|a YEOH
|h Michael
|
| 245 |
1 |
0 |
|a Management strategies for vision 2020 :
|b Developing competitive strategies for the winning edge
|c Michael Yeoh
|
| 260 |
0 |
0 |
|a Petaling Jaya, Selangor :
|b Pelanduk Pub. ,
|c 1995
|
| 300 |
|
|
|a 97 p. ;
|c 23 cm.
|
| 650 |
0 |
0 |
|a Business planning
|
| 650 |
0 |
0 |
|a Entrepreneurship
|
| 650 |
0 |
0 |
|a Strategic planning
|
| 650 |
0 |
0 |
|a Total quality management
|
| 999 |
|
|
|a 0000001840
|b Monograph
|c Open Shelf
|e Default branch
|